000 00685nam a2200217Ia 4500
001 43315
005 20240114003542.0
007 ta
008 080915s g b000 u 903 u
040 _aCottonCollege Assam
041 _a903
082 _a070.175
_bBh 469 As
100 _aBharadaj, Jahnu .
245 0 _aS N B Cian; The Annual Journal of Seetanath Brahmachaudhury Hostel 2008-09 /
_cJahnu Bharadaj.
_hTextual Documents
260 _aRajgarh :
_bColorplus Advertiseing &Publishing ,
_c2008-09.
300 _a40pg ;
_c24cm.
653 _aSouvenir-S N B Cian; Annual Journal of Seetanath B Hostel
942 _2ddc
_cBK
999 _c43281
_d43281